Najlepsze kluby piłkarskie w Wielkopolsce w sezonie 23/24 - Statystyki

Ogólne statystyki
  • Ten quiz został rozwiązany 99 razy
    47 od ostatniego zresetowania
  • Średni wynik to 7 z 18
Statystyki odpowiedzi
Miejsce Klub Poziom ligowy % Poprawnych
1. Lech Poznań Ekstraklasa
100%
2. Warta Poznań Ekstraklasa
95%
3. KKS Kalisz 2 Liga
66%
7. Polonia Środa Wielkopolska 3 Liga
46%
5. Unia Swarzędz 3 Liga
37%
4. Lech Poznań 2 2 Liga
32%
18. Mieszko Gniezno 4 Liga
32%
9. Sokół Kleczew 3 Liga
32%
10. Kotwica Kórnik 4 Liga
29%
11. Lipno Stęszew 4 Liga
27%
14. Polonia 1912 Leszno 4 Liga
27%
17. Victoria Września 4 Liga
24%
6. Noteć Czarnków 3 Liga
22%
8. Pogoń Nowe Skalmierzyce 3 Liga
22%
15. Nielba Wągrowiec 4 Liga
20%
12. Obra Kościan 4 Liga
17%
13. Huragan Pobiedziska 4 Liga
12%
16. Polonia Chodzież 4 Liga
12%
Nie znaleziono quizów pasujących do podanych kryteriów
Rozkład punktacji
Procent ludzi z każdym wynikiem
Percentyl według liczby udzielonych odpowiedzi
Twoja historia wyników
Nie rozwiązałeś tego quizu od ostatniego zresetowania